000 00375 a2200145 4500
001 164471
020 _a
040 _cMagnum
100 _a-
240 1 0 _aLei de diretrizes e bases da educacao nacional/20 de dezembro de 1996
_lpor
245 1 0 _aLei de diretrizes e bases da educacao nacional/20 de dezembro de 1996
362 0 _a1899
697 _aENSINO
942 _cBK
999 _c164471
_d164471